000 00343 a2200157 4500
001 194612
020 _a978-85-08-14872-1
040 _cMagnum
100 _aAzevedo, Álvares de
240 1 0 _aNoite na taverna
_lpor
245 1 0 _aNoite na taverna
300 _a96
362 0 _a2011
697 _aLITERATURA INFANTO-JUVENIL
942 _cBK
999 _c194612
_d194612